Statistics for Michael Crichton Novels by Clue

Click here to take the quiz!

General Stats

  • This quiz has been taken 33 times
  • The average score is 7 of 15

Answer Stats

HintNovel% Correct
Centers on a disastrous attempt to create a theme park of cloned dinosaursJurassic Park
100%
Ian Malcolm investigates rumors that some dinosaurs may have survived at InGen's production facility.The Lost World
85%
An expedition to the dense tropical rainforest of Africa searches for diamonds and investigates the mysterious deaths of a previous expedition.Congo
70%
A team of scientists investigate the outbreak of a deadly extraterrestrial microorganism in Arizona.The Andromeda Strain
70%
A team of scientists examine a spacecraft of unknown origin discovered on the bottom of the Pacific Ocean.Sphere
63%
A murder mystery concerning Japanese-American relationsRising Sun
56%
A 10th-century Muslim Arab travels with a group of Vikings to their settlement.Eaters of the Dead
48%
Involves the time travel of a group of history students who travel to 14th-century France to rescue their professor{Timeline}
41%
A man's struggle to prove that he was sexually harassed by his female employerDisclosure
37%
Historical novel about a massive gold heist in Victorian-era EnglandThe Great Train Robbery
37%
A man is implanted with an electronic "brain pacemaker" in order to control seizures.The {Terminal} Man
33%
Transgenic animals try to survive in a world of genetic research, corporate greed, and legal interventions{Next}
30%
Cautionary tale about nanotechnology, genetic engineering, and distributed artificial intelligence{Prey}
30%
An in-flight accident aboard an airliner leaves three passengers dead and 56 injured.{Airframe}
26%
Techno-thriller novel in which eco-terrorists plot mass murder to publicize the danger of global warming{State} of {Fear}
22%

Score Distribution

Percentile by Number Answered

Percent of People with Each Score

Your Score History

You have not taken this quiz